Search the Library Catalogue
| 000 -LEADER | |
|---|---|
| fixed length control field | 00438nam a2200157 a 4500 |
| 008 - FIXED-LENGTH DATA ELEMENTS--GENERAL INFORMATION | |
| fixed length control field | 260220s2026##################000#0#eng## |
| 020 ## - INTERNATIONAL STANDARD BOOK NUMBER | |
| ISBN | 9788184781588 |
| Paper back/Hardbound | pbk |
| 082 04 - DEWEY DECIMAL CLASSIFICATION NUMBER | |
| Classification number | 336.2 GUP |
| 100 ## - MAIN ENTRY--AUTHOR NAME | |
| Personal name | Gupta,S.S |
| 245 10 - TITLE STATEMENT | |
| Title | Service tax:how to meet your obligations |
| Statement of responsibility, etc | /S.S.Gupta |
| 250 ## - EDITION STATEMENT | |
| Edition statement | 29th ed. |
| 260 ## - PUBLICATION, DISTRIBUTION, ETC. (IMPRINT) | |
| Place of publication | New Delhi: |
| Name of publisher | Taxmann allied services, |
| Year of publication | 2010 |
| 650 ## - SUBJECT ADDED ENTRY--TOPICAL TERM | |
| Topical Term | Taxes and taxation |
| 942 ## - ADDED ENTRY ELEMENTS (KOHA) | |
| Koha item type | English Books |
| Withdrawn status | Lost status | Damaged status | Not for loan | Home library | Current library | Shelving location | Date acquired | Full call number | Accession Number | Price effective from | Koha item type |
|---|---|---|---|---|---|---|---|---|---|---|---|
| Anna Centenary Library | Anna Centenary Library | 4TH FLOOR, A WING | 20.02.2026 | 336.2 GUP | 93376 | 20.02.2026 | English Books |